000 00979nam a22003017i 4500
003 EG-GICUC
005 20260408092427.0
008 260222t1988 ua|||||fr|||| 00| 0 ara d
017 _a1988/3502
020 _a9771034162
040 _a EG-GICUC
_bara
_c EG-GICUC
_d EG-GICUC
_erda
043 _af-ua--
082 0 4 _221
_a343.3
092 0 4 _221
099 _aLaw1 10 343.3 1988
245 1 0 _aقانون الإجراءات الجنائية حسب آخر التعديلات /
264 1 _aالإسكندرية :
_bمنشأة المعارف،
_c1988.
300 _a550 صفحة،
_c24 سم
336 _2rda content
_atext
337 _2rda media
_aComputer
338 _2rda carrier
_aOnline Resource
504 _a. 240-220 ببليوجرافيا: صفحات.
650 1 4 _aقانون الإجراءات الجنائية
_2qrmak
651 1 _2qrmak
856 4 0 _uhttps://fll.law.cu.edu.eg/fulltext/bks/B10-08823.pdf
905 _a17
_eYara
942 _2ddc
_cBK
_e21
_n0
999 _c63975
_d63975